Statistics for Olympic Competing Nations by Abbreviation Quiz #2

Click here to take the quiz!

General Stats

  • This quiz has been taken 1,325 times
  • The average score is 15 of 20

Answer Stats

CodeNation% Correct
POLPoland
100%
GERGermany
99%
IRQIraq
99%
ITAItaly
99%
CANCanada
98%
INDIndia
96%
NGRNigeria
96%
PORPortugal
96%
GREGreece
95%
IRLIreland
95%
KORSouth Korea
95%
HKGHong Kong
90%
BANBangladesh
81%
RSASouth Africa
74%
ANTAntigua and Barbuda
69%
MASMalaysia
41%
BRNBahrain
39%
CODDemocratic of Congo
33%
LCASaint Lucia
21%
MHLMarshall Islands
19%

Score Distribution

Percentile by Number Answered

Percent of People with Each Score

Your Score History

You have not taken this quiz